| 000 | 00357nam a2200145Ia 4500 | ||
|---|---|---|---|
| 008 | 230917s9999||||xx |||||||||||||| ||und|| | ||
| 040 |
_e78530 _aMAIN |
||
| 041 | _aEnglish | ||
| 082 | _a340.1 P192O | ||
| 100 | _aPandit, M S | ||
| 245 | 0 | _aOutlines of ancient Hinsu jurispruidence | |
| 260 |
_aBombay _bN M Tripathi _c1989 |
||
| 300 | _a64 p. | ||
| 942 | _cBK | ||
| 999 |
_c83675 _d83675 |
||